[Event "Pamplona IRT rap op"]
[Site "Pamplona"]
[Date "2012.11.10"]
[Round "10"]
[White "Ruge, Edison"]
[Black "Avila, Pedro Andres"]
[Result "1-0"]
[WhiteElo "2227"]
[BlackElo "2101"]
[PlyCount "79"]
[EventDate "2012.11.09"]
[EventType "swiss"]
[EventRounds "11"]
[EventCountry "COL"]
[SourceTitle "CBM 151 Extra"]
[Source "ChessBase"]
[SourceDate "2012.12.18"]
[SourceVersion "1"]
[SourceVersionDate "2012.12.18"]
[SourceQuality "1"]

1. e4 c5 2. Nc3 d6 3. f4 e6 4. Bb5+ Bd7 5. Bxd7+ Nxd7 6. Nf3 Be7 7. d3 a6 8. 0-0 b5 9. Kh1 b4 10. Ne2 Ngf6 11. Qe1 0-0 12. Qg3 Kh8 13. Bd2 a5 14. Qh3 Rc8 15. b3 a4 16. g4 axb3 17. axb3 Ra8 18. Rac1 Ra2 19. g5 Ng8 20. g6 fxg6 21. Qxe6 Nb6 22. Qh3 Qd7 23. Qg2 Bf6 24. Ng3 Bb2 25. Rce1 d5 26. e5 Nh6 27. e6 Qe7 28. Ng5 Bf6 29. Bc1 c4 30. Qg1 Nc8 31. bxc4 dxc4 32. Be3 Rxc2 33. Bc5 Qb7+ 34. N3e4 Be7 35. dxc4 Rxc4 36. Bxe7 Nxe7 37. Qg2 Nhf5 38. Nf7+ Kg8 39. Ne5 Nh4 40. Nf6+ 1-0

[Event "Pamplona IRT rap op"]
[Site "Pamplona"]
[Date "2012.11.09"]
[Round "3"]
[White "Avila, Pedro Andres"]
[Black "Acosta, Alejandro"]
[Result "0-1"]
[WhiteElo "2101"]
[BlackElo "2302"]
[PlyCount "36"]
[EventDate "2012.11.09"]
[EventType "swiss"]
[EventRounds "11"]
[EventCountry "COL"]
[SourceTitle "CBM 151 Extra"]
[Source "ChessBase"]
[SourceDate "2012.12.18"]
[SourceVersion "1"]
[SourceVersionDate "2012.12.18"]
[SourceQuality "1"]

1. e4 c5 2. d4 cxd4 3. c3 Nf6 4. e5 Nd5 5. cxd4 d6 6. f4 Nc6 7. Nf3 Bg4 8. Be2 e6 9. Nc3 dxe5 10. Nxd5 Qxd5 11. dxe5 Qe4 12. Qd3 Bb4+ 13. Kf2 Qxd3 14. Bxd3 0-0-0 15. Be4 Bxf3 16. gxf3 Bc5+ 17. Be3 Rd2+ 18. Ke1 Rd4 0-1

[Event "American Continental 08th"]
[Site "Mar del Plata"]
[Date "2012.10.21"]
[Round "11"]
[White "Bulgarini Torre, Marco"]
[Black "Avila, Pedro Andres"]
[Result "0-1"]
[WhiteElo "1977"]
[BlackElo "2145"]
[PlyCount "74"]
[EventDate "2012.10.12"]
[EventType "swiss"]
[EventRounds "11"]
[EventCountry "ARG"]
[SourceTitle "EXT 2013"]
[Source "ChessBase"]
[SourceDate "2012.11.22"]
[SourceVersion "1"]
[SourceVersionDate "2012.11.22"]
[SourceQuality "1"]

1. e4 c5 2. Nc3 d6 3. g3 Nc6 4. Bg2 g6 5. d3 Bg7 6. Nh3 Rb8 7. 0-0 b5 8. f4 b4 9. Nd5 Nd4 10. c3 bxc3 11. bxc3 Nb5 12. Qe1 e6 13. a4 Nd4 14. cxd4 exd5 15. e5 dxe5 16. dxc5 e4 17. Ra2 f5 18. dxe4 dxe4 19. Be3 Nf6 20. Rd2 Qc7 21. Bd4 Rb3 22. Qa1 Qc6 23. Ng5 h6 24. Qa2 Rb7 25. Qc4 Rc7 26. Rfd1 hxg5 27. fxg5 Be6 28. Qc3 Nd5 29. Qb2 Bxd4+ 30. Qxd4 Qxc5 31. Kh1 Qxd4 32. Rxd4 Ke7 33. h4 Ne3 34. Rb1 Rd8 35. Rdb4 Rcd7 36. Bf1 Nxf1 37. Rxf1 Bd5 0-1

[Event "Puerto Boyaca op"]
[Site "Puerto Boyaca"]
[Date "2012.04.29"]
[Round "7"]
[White "Martinez, Jorge Alexander"]
[Black "Avila, Pedro Andres"]
[Result "1/2-1/2"]
[WhiteElo "2220"]
[BlackElo "2107"]
[PlyCount "134"]
[EventDate "2012.04.26"]
[EventType "swiss"]
[EventRounds "10"]
[EventCountry "COL"]
[SourceTitle "CBM 148 Extra"]
[Source "ChessBase"]
[SourceDate "2012.06.22"]
[SourceVersion "1"]
[SourceVersionDate "2012.06.22"]
[SourceQuality "1"]

1. e4 c5 2. Nf3 a6 3. c4 d6 4. d4 cxd4 5. Nxd4 Nf6 6. Nc3 e6 7. Be2 Be7 8. 0-0 0-0 9. Be3 Qc7 10. Rc1 b6 11. f4 Bb7 12. Bf3 Nbd7 13. b4 Rac8 14. g4 Qb8 15. Qd3 Rfd8 16. g5 Ne8 17. a3 Ne5 18. fxe5 dxe5 19. Nd5 exd5 20. exd5 exd4 21. Qxd4 Ba8 22. Bh5 Nd6 23. Bf4 Rf8 24. c5 bxc5 25. bxc5 Nb5 26. Qf2 Qa7 27. d6 Bd8 28. a4 Rxc5 29. Rxc5 Bb6 30. Be3 Nxd6 31. Re5 Bxe3 32. Qxe3 Qb7 33. Bf3 Qb2 34. Re7 Nf5 35. Qe5 Qb6+ 36. Rf2 Nxe7 37. Bxa8 Ng6 38. Qe4 Qd8 39. Bd5 Qxg5+ 40. Kh1 Qc1+ 41. Kg2 Qg5+ 42. Kh1 Qc1+ 43. Kg2 Qc5 44. Rxf7 Kh8 45. Rxf8+ Qxf8 46. Bc6 Ne7 47. Bd7 Qd8 48. Qd3 Ng6 49. Qxa6 Qg5+ 50. Kf1 Qc1+ 51. Ke2 Qc2+ 52. Ke3 Qc5+ 53. Kd2 Qd4+ 54. Kc2 Qe4+ 55. Kc3 Qe1+ 56. Kb3 Qb1+ 57. Ka3 Qc1+ 58. Kb4 Qd2+ 59. Kc5 Qe3+ 60. Kb5 Qb3+ 61. Ka5 Qc3+ 62. Kb6 Qd4+ 63. Kc7 Nf8 64. Qc6 Qa7+ 65. Kc8 Ng6 66. Qe6 Qa8+ 67. Kc7 Qa7+ 1/2-1/2

[Event "Bogota Semana Santa op"]
[Site "Bogota"]
[Date "2012.04.04"]
[Round "1"]
[White "Avila, Pedro Andres"]
[Black "Herrera, Milton"]
[Result "1-0"]
[WhiteElo "2107"]
[BlackElo "2090"]
[PlyCount "87"]
[EventDate "2012.04.04"]
[EventType "swiss"]
[EventRounds "9"]
[EventCountry "COL"]
[SourceTitle "CBM 147 Extra"]
[Source "ChessBase"]
[SourceDate "2012.04.24"]
[SourceVersion "1"]
[SourceVersionDate "2012.04.24"]
[SourceQuality "1"]

1. e4 c5 2. Nf3 e6 3. d4 cxd4 4. Nxd4 a6 5. g3 b5 6. Bg2 Bb7 7. 0-0 Qc7 8. Re1 d6 9. Nc3 Nf6 10. a4 bxa4 11. Rxa4 Nbd7 12. Nb3 Bc6 13. Ra1 e5 14. Bf1 Bb7 15. Bg5 Be7 16. Na5 0-0 17. Nxb7 Qxb7 18. b3 h6 19. Bxf6 Nxf6 20. Bc4 Qb4 21. Qd3 Rfc8 22. Ra4 Qc5 23. Rea1 a5 24. Nd1 Bd8 25. Ne3 Rab8 26. Nf5 Rc6 27. Qf3 Kf8 28. Rd1 Rb4 29. Raa1 Rb8 30. Rd2 h5 31. Rad1 Be7 32. h3 a4 33. g4 hxg4 34. hxg4 axb3 35. cxb3 g6 36. Nxe7 Kxe7 37. g5 d5 38. exd5 Rd6 39. gxf6+ Rxf6 40. d6+ Qxd6 41. Qh3 Qc5 42. Rd7+ Ke8 43. Qh8+ Qf8 44. Qxf6 1-0

[Event "COL-ch sf"]
[Site "Santa Rosa"]
[Date "2011.06.22"]
[Round "2"]
[White "Avila, Pedro Andres"]
[Black "Castro Rojas, Oscar Humberto"]
[Result "0-1"]
[WhiteElo "2119"]
[BlackElo "2369"]
[PlyCount "48"]
[EventDate "2011.06.22"]
[EventType "swiss"]
[EventRounds "11"]
[EventCountry "COL"]
[SourceTitle "CBM 143 Extra"]
[Source "ChessBase"]
[SourceDate "2011.08.29"]
[SourceVersion "1"]
[SourceVersionDate "2011.08.29"]
[SourceQuality "1"]

1. e4 e5 2. Nf3 Nc6 3. d4 exd4 4. Nxd4 Bc5 5. Nxc6 Qf6 6. Qd2 bxc6 7. Nc3 Ne7 8. Qf4 Qxf4 9. Bxf4 d6 10. Bd3 0-0 11. Nd1 f5 12. Be3 Bb6 13. Bxb6 axb6 14. 0-0 f4 15. Nc3 Ng6 16. Rfe1 Ne5 17. Nb1 Be6 18. a3 f3 19. g3 c5 20. Nd2 g5 21. Bf1 Kf7 22. Re3 Ke7 23. h3 Rf6 24. Rae1 Ra4 0-1

[Event "Bogota McGregor op 1st"]
[Site "Bogota"]
[Date "2010.12.08"]
[Round "10"]
[White "Guerrero Sierra, Juan Carlos"]
[Black "Avila, Pedro Andres"]
[Result "0-1"]
[WhiteElo "2254"]
[BlackElo "2113"]
[PlyCount "64"]
[EventDate "2010.12.03"]
[EventType "swiss"]
[EventRounds "10"]
[EventCountry "COL"]
[SourceTitle "CBM 139 Extra"]
[Source "ChessBase"]
[SourceDate "2011.01.05"]
[SourceVersion "1"]
[SourceVersionDate "2011.01.05"]
[SourceQuality "1"]

1. c4 Nf6 2. Nf3 e6 3. g3 d5 4. Bg2 Be7 5. 0-0 0-0 6. b3 c6 7. Bb2 Nbd7 8. Qc2 Qc7 9. cxd5 exd5 10. Nc3 h6 11. Nh4 Qa5 12. Nf5 Ba3 13. Na4 Bxb2 14. Qxb2 Nb6 15. Nxb6 axb6 16. Ne3 Re8 17. a4 Qb4 18. Rfd1 Qd6 19. d4 Ne4 20. Qc2 Qf6 21. Bxe4 Rxe4 22. Qd2 Bh3 23. b4 Rae8 24. Ra3 Qg5 25. b5 f5 26. bxc6 bxc6 27. f4 Qe7 28. Rb3 Rxe3 29. Rxe3 Qxe3+ 30. Qxe3 Rxe3 31. Kf2 Rxe2+ 32. Kxe2 Bg4+ 0-1

[Event "Bogota McGregor op 1st"]
[Site "Bogota"]
[Date "2010.12.06"]
[Round "6"]
[White "Avila, Pedro Andres"]
[Black "Corpus, Eugenio"]
[Result "0-1"]
[WhiteElo "2113"]
[BlackElo "1788"]
[PlyCount "44"]
[EventDate "2010.12.03"]
[EventType "swiss"]
[EventRounds "10"]
[EventCountry "COL"]
[SourceTitle "CBM 139 Extra"]
[Source "ChessBase"]
[SourceDate "2011.01.05"]
[SourceVersion "1"]
[SourceVersionDate "2011.01.05"]
[SourceQuality "1"]

1. e4 e5 2. Nf3 Nc6 3. Bc4 Bc5 4. 0-0 d6 5. c3 Bb6 6. h3 Nf6 7. Re1 Be6 8. Bb5 Qe7 9. d4 Bd7 10. a4 a6 11. Bc4 h6 12. b4 g5 13. dxe5 dxe5 14. Ba3 Qd8 15. b5 axb5 16. axb5 Na5 17. Bd5 c6 18. Bxf7+ Kxf7 19. Nxe5+ Kg7 20. c4 cxb5 21. Bb2 Be6 22. Nd2 bxc4 0-1

[Event "Bogota IRT op Navideno"]
[Site "Bogota"]
[Date "2009.12.08"]
[Round "6"]
[White "Corpus, Eugenio"]
[Black "Avila, Pedro Andres"]
[Result "0-1"]
[WhiteElo "1797"]
[BlackElo "2093"]
[PlyCount "46"]
[EventDate "2009.12.04"]
[EventType "swiss"]
[EventRounds "9"]
[EventCountry "COL"]
[SourceTitle "EXT 2024"]
[Source "ChessBase"]
[SourceDate "2023.10.10"]
[SourceVersion "1"]
[SourceVersionDate "2023.10.10"]
[SourceQuality "1"]

1. e4 c5 2. Nf3 d6 3. d4 cxd4 4. Nxd4 Nf6 5. Nc3 a6 6. Be2 e6 7. Be3 Nbd7 8. 0-0 b5 9. a3 Bb7 10. f4 Nxe4 11. Nxe4 Bxe4 12. Bf3 Nf6 13. g4 d5 14. g5 Bxf3 15. Qxf3 Ne4 16. Rad1 Bc5 17. h4 Rc8 18. f5 e5 19. f6 g6 20. Nb3 Bxe3+ 21. Qxe3 Rxc2 22. Rc1 Rxb2 23. Rc6 Qd7 0-1

[Event "Central America Carribean-ch U20"]
[Site "Medellin"]
[Date "2009.08.04"]
[Round "9"]
[White "Avila, Pedro Andres"]
[Black "Zapata Hincapie, Jhon Alexander"]
[Result "0-1"]
[WhiteElo "2118"]
[BlackElo "2005"]
[PlyCount "68"]
[EventDate "2009.07.30"]
[EventType "swiss"]
[EventRounds "9"]
[EventCountry "COL"]
[SourceTitle "CBM 131 Extra"]
[Source "ChessBase"]
[SourceDate "2009.09.03"]
[SourceVersion "2"]
[SourceVersionDate "2009.09.16"]
[SourceQuality "1"]

1. e4 c5 2. Nf3 d6 3. d4 cxd4 4. Nxd4 Nf6 5. Nc3 a6 6. Bc4 e6 7. Bb3 b5 8. 0-0 Qc7 9. Bg5 Be7 10. f4 b4 11. Na4 0-0 12. f5 exf5 13. exf5 Nbd7 14. Rc1 Nc5 15. c3 bxc3 16. Nxc3 Bb7 17. Nde2 Qb6 18. Kh1 Ng4 19. Nd4 Bxg5 20. Qxg4 Bxc1 21. f6 g6 22. Rxc1 Nxb3 23. axb3 Kh8 24. Qf4 Rae8 25. Rf1 Qc5 26. h3 Qh5 27. Qg3 Re5 28. Nf3 Bxf3 29. Rxf3 Rfe8 30. Rf1 Qg5 31. Qd3 Re1 32. Rxe1 Rxe1+ 33. Kh2 Qxf6 34. Qg3 Rh1+ 0-1

[Event "Central America Carribean-ch U20"]
[Site "Medellin"]
[Date "2009.08.02"]
[Round "6"]
[White "Rojas Alarcon, Julian Antonio"]
[Black "Avila, Pedro Andres"]
[Result "1/2-1/2"]
[WhiteElo "2295"]
[BlackElo "2118"]
[PlyCount "38"]
[EventDate "2009.07.30"]
[EventType "swiss"]
[EventRounds "9"]
[EventCountry "COL"]
[SourceTitle "CBM 131 Extra"]
[Source "ChessBase"]
[SourceDate "2009.09.03"]
[SourceVersion "2"]
[SourceVersionDate "2009.09.16"]
[SourceQuality "1"]

1. c4 Nf6 2. Nf3 e6 3. d4 d5 4. g3 Be7 5. Bg2 0-0 6. 0-0 dxc4 7. Na3 Bxa3 8. bxa3 b5 9. a4 a6 10. Rb1 Nd5 11. Qc2 c6 12. Ba3 Re8 13. Ne5 Qc7 14. Be4 Nf6 15. Bg2 Bb7 16. Qb2 Bc8 17. Qc2 Bb7 18. Qb2 Bc8 19. Qc2 Bb7 1/2-1/2

[Event "COL-ch sf"]
[Site "Buga"]
[Date "2009.06.01"]
[Round "6.1"]
[White "Avila, Pedro Andres"]
[Black "Guerrero Avila, Hernando"]
[Result "1-0"]
[WhiteElo "2088"]
[BlackElo "1993"]
[PlyCount "45"]
[EventDate "2009.05.30"]
[EventType "swiss"]
[EventRounds "7"]
[EventCountry "COL"]
[SourceTitle "EXT 2024"]
[Source "ChessBase"]
[SourceDate "2023.10.10"]
[SourceVersion "1"]
[SourceVersionDate "2023.10.10"]
[SourceQuality "1"]

1. e4 e6 2. d4 d5 3. exd5 exd5 4. c4 Nf6 5. Nc3 Be7 6. h3 0-0 7. Nf3 Re8 8. Be2 dxc4 9. 0-0 Bf5 10. Bxc4 Nbd7 11. Qb3 Rf8 12. Qxb7 Nb6 13. Qa6 Ne4 14. Bb3 Nxc3 15. bxc3 c5 16. Re1 cxd4 17. Nxd4 Bc8 18. Qe2 Bf6 19. Ba3 Bxd4 20. cxd4 Bb7 21. Bxf8 Qxf8 22. Rac1 Nd5 23. Qb5 1-0

[Event "COL-ch sf"]
[Site "Buga"]
[Date "2009.06.01"]
[Round "5.1"]
[White "Portnoy Cruz, Ivan Adolfo"]
[Black "Avila, Pedro Andres"]
[Result "1/2-1/2"]
[WhiteElo "2003"]
[BlackElo "2088"]
[PlyCount "68"]
[EventDate "2009.05.30"]
[EventType "swiss"]
[EventRounds "7"]
[EventCountry "COL"]
[SourceTitle "EXT 2024"]
[Source "ChessBase"]
[SourceDate "2023.10.10"]
[SourceVersion "1"]
[SourceVersionDate "2023.10.10"]
[SourceQuality "1"]

1. d4 Nf6 2. c4 e6 3. Nf3 b6 4. g3 Ba6 5. b3 Bb4+ 6. Bd2 Be7 7. Bg2 c6 8. Bc3 d5 9. Nbd2 0-0 10. 0-0 Nbd7 11. Re1 Rc8 12. e4 dxe4 13. Nxe4 Bb7 14. Nxf6+ Nxf6 15. Qc2 h6 16. b4 Qc7 17. Rab1 c5 18. bxc5 bxc5 19. dxc5 Ba8 20. Rb5 Nd7 21. Ng5 Bxg5 22. Ba5 Nb6 23. Bxa8 Rxa8 24. cxb6 axb6 25. Bxb6 Qc6 26. a4 Rfc8 27. c5 Ra6 28. Qb3 h5 29. h4 Bf6 30. Rb4 Be7 31. a5 Bxc5 32. Rb5 Rb8 33. Rb1 Bxb6 34. axb6 Rb7 1/2-1/2